All countries starting with "P"- Map Quiz (official english spelling) - Statistics

General Stats
  • This quiz has been taken 111 times
  • The average score is 8 of 9
Answers on the Map
Answers color-coded by a green-red scale on the quiz's map according to % correct below.
 
Answer Stats
Answer % Correct
Pakistan
95%
Panama
92%
Poland
92%
Palau
91%
Papua New Guinea
90%
Paraguay
89%
Peru
89%
Portugal
89%
Philippines
84%
No matching quizzes found
Score Distribution
Percent of People with Each Score
Percentile by Number Answered
Your Score History
You have not taken this quiz